[Event "Bundesliga 0001"]
[Site "Deutschland"]
[Date "2000.10.14"]
[Round "1.3"]
[White "Baklan, Vladimir"]
[Black "Piket, Jeroen"]
[Result "1/2-1/2"]
[WhiteElo "2599"]
[BlackElo "2649"]
[PlyCount "62"]
[EventDate "2000.10.14"]
[EventType "team"]
[EventRounds "15"]
[EventCountry "GER"]
[SourceTitle "Bundesliga 0001"]
[Source "DeepChess"]
[SourceDate "2005.01.01"]
[SourceVersion "1"]
[SourceVersionDate "2005.01.01"]
[SourceQuality "1"]
[WhiteTeam "USC Magdeburg"]
[BlackTeam "SG 1868 Aljech. Solingen"]
[WhiteTeamCountry "GER"]
[BlackTeamCountry "GER"]

1. e4 e5 2. Nf3 Nc6 3. d4 exd4 4. Nxd4 Nf6 5. Nxc6 bxc6 6. e5 Qe7 7. Qe2 Nd5 8.
c4 Nb6 9. Nc3 Qe6 10. Qe4 Ba6 11. b3 Bb4 12. Bd2 Bxc3 13. Bxc3 d5 14. Qh4 dxc4
15. Be2 Nd5 16. Bxc4 g5 17. Qd4 Bxc4 18. Qxc4 O-O-O 19. Bd4 Kb7 20. O-O h5 21.
Rac1 Rd7 22. a4 Rhd8 23. Qc5 Nb6 24. Be3 Rd5 25. Qc3 Rxe5 26. a5 Nd5 27. Qd4
Kc8 28. Rxc6 Qxc6 29. Qxe5 Nxe3 30. Qxe3 Qd5 31. h3 Qd4 1/2-1/2

[Event "Bundesliga 0001"]
[Site "Deutschland"]
[Date "2000.10.14"]
[Round "1.4"]
[White "Jussupow, Artur"]
[Black "Thesing, Matthias"]
[Result "1/2-1/2"]
[WhiteElo "2610"]
[BlackElo "2438"]
[PlyCount "73"]
[EventDate "2000.10.14"]
[EventType "team"]
[EventRounds "15"]
[EventCountry "GER"]
[SourceTitle "Bundesliga 0001"]
[Source "DeepChess"]
[SourceDate "2005.01.01"]
[SourceVersion "1"]
[SourceVersionDate "2005.01.01"]
[SourceQuality "1"]
[WhiteTeam "SG 1868 Aljech. Solingen"]
[BlackTeam "USC Magdeburg"]
[WhiteTeamCountry "GER"]
[BlackTeamCountry "GER"]

1. d4 d5 2. c4 e6 3. Nc3 c6 4. e3 Nf6 5. b3 Bb4 6. Bb2 O-O 7. a3 Bd6 8. Nf3
Nbd7 9. Bd3 Re8 10. Qc2 h6 11. O-O b6 12. e4 dxe4 13. Nxe4 Nxe4 14. Bxe4 Bb7
15. Ne5 Qc7 16. Bh7+ Kf8 17. f4 c5 18. Rae1 Nf6 19. dxc5 Bxc5+ 20. Kh1 Rad8 21.
Bd3 a5 22. Qe2 Bd4 23. Bc1 Bc5 24. Bc2 Kg8 25. h3 Qe7 26. a4 Bb4 27. Rd1 Rxd1
28. Rxd1 Rd8 29. Bb2 Rxd1+ 30. Qxd1 Qd6 31. Bd3 Kf8 32. Qe2 Ba3 33. Bc3 Bb4 34.
Ba1 Bc5 35. Bb2 Ba3 36. Bc3 Bb4 37. Bb2 1/2-1/2

[Event "Bundesliga 0001"]
[Site "Deutschland"]
[Date "2000.10.14"]
[Round "1.5"]
[White "Georgiev, Vladimir"]
[Black "Huebner, Robert"]
[Result "1/2-1/2"]
[WhiteElo "2564"]
[BlackElo "2615"]
[PlyCount "120"]
[EventDate "2000.10.14"]
[EventType "team"]
[EventRounds "15"]
[EventCountry "GER"]
[SourceTitle "Bundesliga 0001"]
[Source "DeepChess"]
[SourceDate "2005.01.01"]
[SourceVersion "1"]
[SourceVersionDate "2005.01.01"]
[SourceQuality "1"]
[WhiteTeam "USC Magdeburg"]
[BlackTeam "SG 1868 Aljech. Solingen"]
[WhiteTeamCountry "GER"]
[BlackTeamCountry "GER"]

1. d4 d5 2. c4 dxc4 3. Nf3 Nf6 4. e3 e6 5. Bxc4 c5 6. O-O a6 7. Bb3 cxd4 8.
exd4 Nc6 9. a3 Be7 10. Nc3 O-O 11. Re1 Na5 12. Ba2 b5 13. Ne5 Bb7 14. Bg5 Rc8
15. Qd3 Rc7 16. Rac1 Nc6 17. Rcd1 Nh5 18. Be3 Nf6 19. Qe2 Qa8 20. Nxf7 Rxf7 21.
Bf4 Rd7 22. Bxe6 Nd8 23. d5 b4 24. axb4 Bxb4 25. Bg5 Bxc3 26. bxc3 Rde7 27.
Bxf7+ Rxf7 28. c4 Qc8 29. Qd3 Qc5 30. Qd4 Qxd4 31. Rxd4 Rd7 32. Bxf6 gxf6 33.
c5 Kf7 34. Red1 Rc7 35. c6 Bc8 36. Rc1 h5 37. d6 Rxc6 38. Rxc6 Nxc6 39. d7 Bb7
40. Rb4 Nd8 41. h4 Bc6 42. g4 hxg4 43. Rxg4 Bxd7 44. Rd4 Ke7 45. h5 Nf7 46.
Re4+ Kf8 47. Rd4 Bf5 48. Rf4 Nh6 49. Ra4 Bd3 50. f3 Nf5 51. Kf2 Bb5 52. Ra1 Kf7
53. Rc1 Kg7 54. Rc7+ Kh6 55. Rf7 Kg5 56. f4+ Kxh5 57. Rxf6 Kg4 58. Rxf5 Kxf5
59. Ke3 a5 60. Kd2 Kxf4 1/2-1/2

[Event "Bundesliga 0001"]
[Site "Deutschland"]
[Date "2000.10.14"]
[Round "1.6"]
[White "Sadler, Matthew"]
[Black "Proehl, Holger"]
[Result "1-0"]
[WhiteElo "2628"]
[BlackElo "2386"]
[PlyCount "81"]
[EventDate "2000.10.14"]
[EventType "team"]
[EventRounds "15"]
[EventCountry "GER"]
[SourceTitle "Bundesliga 0001"]
[Source "DeepChess"]
[SourceDate "2005.01.01"]
[SourceVersion "1"]
[SourceVersionDate "2005.01.01"]
[SourceQuality "1"]
[WhiteTeam "SG 1868 Aljech. Solingen"]
[BlackTeam "USC Magdeburg"]
[WhiteTeamCountry "GER"]
[BlackTeamCountry "GER"]

1. b3 e5 2. Bb2 Nc6 3. e3 d6 4. Nf3 Nf6 5. d4 exd4 6. Nxd4 Bd7 7. c4 d5 8. Nc3
dxc4 9. Bxc4 Be7 10. Nf3 O-O 11. O-O a6 12. Rc1 Bd6 13. Nd5 Ne4 14. Bd3 Bf5 15.
Rc4 Re8 16. Qc2 Bf8 17. Nc3 Nb4 18. Rxb4 Bxb4 19. Nxe4 Bg6 20. Ne5 Qe7 21. f4
Bd6 22. Nxg6 hxg6 23. Qc3 f6 24. Qc4+ Qf7 25. Nxd6 cxd6 26. Qxf7+ Kxf7 27. Kf2
d5 28. Ke2 Rac8 29. Kd2 Red8 30. h3 Rc6 31. Rf3 Rh8 32. Rg3 Rh6 33. b4 Rc8 34.
Bd4 Rc7 35. a4 Rc8 36. a5 Rc7 37. Bc5 f5 38. Bc2 Rh8 39. Bb3 Rd7 40. Ba4 Rc7
41. Kd3 1-0

[Event "Bundesliga 0001"]
[Site "Deutschland"]
[Date "2000.10.14"]
[Round "1.8"]
[White "Chandler, Murray G"]
[Black "Darnstaedt, Frank"]
[Result "1-0"]
[WhiteElo "2526"]
[BlackElo "2330"]
[PlyCount "85"]
[EventDate "2000.10.14"]
[EventType "team"]
[EventRounds "15"]
[EventCountry "GER"]
[SourceTitle "Bundesliga 0001"]
[Source "DeepChess"]
[SourceDate "2005.01.01"]
[SourceVersion "1"]
[SourceVersionDate "2005.01.01"]
[SourceQuality "1"]
[WhiteTeam "SG 1868 Aljech. Solingen"]
[BlackTeam "USC Magdeburg"]
[WhiteTeamCountry "GER"]
[BlackTeamCountry "GER"]

1. e4 c5 2. Nf3 Nc6 3. d4 cxd4 4. Nxd4 Nf6 5. Nc3 e5 6. Ndb5 d6 7. Bg5 a6 8.
Na3 b5 9. Bxf6 gxf6 10. Nd5 Bg7 11. Bd3 Ne7 12. Nxe7 Qxe7 13. O-O f5 14. c4 O-O
15. Qh5 Qb7 16. Rfe1 bxc4 17. Nxc4 d5 18. exd5 Qxd5 19. Bxf5 Bxf5 20. Ne3 Bg6
21. Qxg6 hxg6 22. Nxd5 Rfb8 23. b3 a5 24. Rac1 a4 25. b4 a3 26. Kf1 Ra7 27. Rb1
Rb5 28. Nc3 Rb6 29. Rb3 f5 30. f3 Kf7 31. Rd1 Bf8 32. b5 Bc5 33. Rd8 Ra5 34.
Rd7+ Ke8 35. Rh7 Kf8 36. Ke2 Bd4 37. Kd3 Rd6 38. Kc4 Bb6 39. Nd5 Bf2 40. Rb4
Be1 41. Rb1 Bf2 42. Kb4 Kg8 43. Rd7 1-0

[Event "Bundesliga 0001"]
[Site "Deutschland"]
[Date "2000.10.14"]
[Round "1.3"]
[White "Kindermann, Stefan"]
[Black "Rustemov, Alexander"]
[Result "0-1"]
[WhiteElo "2519"]
[BlackElo "2534"]
[PlyCount "56"]
[EventDate "2000.10.14"]
[EventType "team"]
[EventRounds "15"]
[EventCountry "GER"]
[SourceTitle "Bundesliga 0001"]
[Source "DeepChess"]
[SourceDate "2005.01.01"]
[SourceVersion "1"]
[SourceVersionDate "2005.01.01"]
[SourceQuality "1"]
[WhiteTeam "SK Koenig Plauen"]
[BlackTeam "SV Wattenscheid 1930"]
[WhiteTeamCountry "GER"]
[BlackTeamCountry "GER"]

1. c4 c5 2. g3 Nf6 3. Bg2 d5 4. cxd5 Nxd5 5. Nc3 e6 6. Nf3 Nc6 7. O-O Be7 8. d4
O-O 9. Nxd5 exd5 10. dxc5 Bxc5 11. Bg5 Qd7 12. Qc2 Bb6 13. Rfd1 h6 14. Bd2 Qg4
15. Bf4 Re8 16. h3 Qe6 17. Re1 Qf6 18. Rad1 Bf5 19. Qb3 Be4 20. h4 Re6 21. Qa3
Rae8 22. b4 Bxf3 23. Qxf3 Nd4 24. Rxd4 Qxd4 25. e3 Qxb4 26. Rd1 d4 27. exd4
Re1+ 28. Rxe1 Qxe1+ 0-1

[Event "Bundesliga 0001"]
[Site "Deutschland"]
[Date "2000.10.14"]
[Round "1.5"]
[White "Schaller, Sven"]
[Black "Holzke, Frank"]
[Result "1/2-1/2"]
[WhiteElo "2334"]
[BlackElo "2470"]
[PlyCount "119"]
[EventDate "2000.10.14"]
[EventType "team"]
[EventRounds "15"]
[EventCountry "GER"]
[SourceTitle "Bundesliga 0001"]
[Source "DeepChess"]
[SourceDate "2005.01.01"]
[SourceVersion "1"]
[SourceVersionDate "2005.01.01"]
[SourceQuality "1"]
[WhiteTeam "SK Koenig Plauen"]
[BlackTeam "SV Wattenscheid 1930"]
[WhiteTeamCountry "GER"]
[BlackTeamCountry "GER"]

1. c4 c5 2. Nf3 Nf6 3. g3 g6 4. Bg2 Bg7 5. Nc3 Nc6 6. d4 cxd4 7. Nxd4 O-O 8.
O-O Ng4 9. e3 Nxd4 10. exd4 d6 11. b3 Rb8 12. a4 a6 13. Ra2 Nh6 14. Bb2 Nf5 15.
d5 Qa5 16. Qd3 Bd7 17. Ba1 Rfc8 18. Be4 Nd4 19. Nd1 Qb6 20. Bxd4 Qxd4 21. Re1
b5 22. axb5 axb5 23. Ne3 bxc4 24. bxc4 Qc5 25. Bg2 Kf8 26. Bf1 Bd4 27. Qe4 Ra8
28. Rxa8 Rxa8 29. Rd1 Bf6 30. Rb1 Ra2 31. Re1 h5 32. h4 Qb4 33. Re2 Rxe2 34.
Bxe2 Qe1+ 35. Bf1 Bg4 36. Qd3 Bf3 37. Ng2 Qe4 38. Qxe4 Bxe4 39. Ne3 Bd4 40. Be2
Ke8 41. Ng2 Kd8 42. Nf4 Kc7 43. Nd3 Kb6 44. Kf1 Ka5 45. f3 Bf5 46. g4 Bc8 47.
gxh5 gxh5 48. Nf4 Bf6 49. Nxh5 Bxh4 50. Bd3 Kb4 51. Ke2 Ba6 52. Ke3 Bxc4 53.
Bxc4 Kxc4 54. Ke4 e6 55. dxe6 fxe6 56. Ng7 d5+ 57. Kf4 e5+ 58. Kxe5 d4 59. Nf5
d3 60. Nd6+ 1/2-1/2

[Event "Bundesliga 0001"]
[Site "Deutschland"]
[Date "2000.10.14"]
[Round "1.6"]
[White "Ellers, Holger"]
[Black "Sandner, Gunter"]
[Result "1-0"]
[WhiteElo "2418"]
[BlackElo "2333"]
[PlyCount "89"]
[EventDate "2000.10.14"]
[EventType "team"]
[EventRounds "15"]
[EventCountry "GER"]
[SourceTitle "Bundesliga 0001"]
[Source "DeepChess"]
[SourceDate "2005.01.01"]
[SourceVersion "1"]
[SourceVersionDate "2005.01.01"]
[SourceQuality "1"]
[WhiteTeam "SV Wattenscheid 1930"]
[BlackTeam "SK Koenig Plauen"]
[WhiteTeamCountry "GER"]
[BlackTeamCountry "GER"]

1. d4 Nf6 2. c4 g6 3. Nf3 Bg7 4. g3 O-O 5. Bg2 d6 6. O-O Nc6 7. Nc3 a6 8. d5
Na5 9. Nd2 c5 10. a3 Ng4 11. Qc2 Ne5 12. Nd1 b5 13. cxb5 axb5 14. b4 Nec4 15.
Ra2 Nxd2 16. Bxd2 Nc4 17. Bc3 Qc7 18. Bxg7 Kxg7 19. Nc3 Bd7 20. Ne4 Ra4 21.
Qc3+ f6 22. bxc5 dxc5 23. Rd1 Bf5 24. Nd2 Nd6 25. Re1 b4 26. Qa1 Rfa8 27. e4
Rxa3 28. Rxa3 Rxa3 29. Qb2 Bc8 30. e5 Nf5 31. d6 Nxd6 32. exd6 exd6 33. Ne4 Qe7
34. Qd2 b3 35. Nxd6 Be6 36. Qb2 Ra6 37. Nc4 Qf7 38. Na3 c4 39. Nb1 Ra2 40. Qd4
Rc2 41. Be4 Ra2 42. Nc3 Ra7 43. Bc6 Bh3 44. Nd5 Ra2 45. Nxf6 1-0

[Event "Bundesliga 0001"]
[Site "Deutschland"]
[Date "2000.10.14"]
[Round "1.7"]
[White "Hackel, Mario"]
[Black "Sjodahl, Pontus"]
[Result "1/2-1/2"]
[WhiteElo "2338"]
[BlackElo "2414"]
[PlyCount "90"]
[EventDate "2000.10.14"]
[EventType "team"]
[EventRounds "15"]
[EventCountry "GER"]
[SourceTitle "Bundesliga 0001"]
[Source "DeepChess"]
[SourceDate "2005.01.01"]
[SourceVersion "1"]
[SourceVersionDate "2005.01.01"]
[SourceQuality "1"]
[WhiteTeam "SK Koenig Plauen"]
[BlackTeam "SV Wattenscheid 1930"]
[WhiteTeamCountry "GER"]
[BlackTeamCountry "GER"]

1. d4 Nf6 2. c4 e6 3. g3 d5 4. Bg2 dxc4 5. Nf3 Nc6 6. O-O Rb8 7. Nc3 a6 8. e4
Be7 9. d5 exd5 10. exd5 Nb4 11. Ne5 Bf5 12. Bg5 O-O 13. a3 Nbxd5 14. Nxd5 Nxd5
15. Bxd5 Bxg5 16. Qf3 Qf6 17. Rfe1 Be6 18. Bxe6 Qxe6 19. Rad1 Rfe8 20. h4 Bf6
21. Nd7 Qxe1+ 22. Rxe1 Rxe1+ 23. Kg2 Rd8 24. Nxf6+ gxf6 25. Qxf6 Rd6 26. Qg5+
Kf8 27. Qc5 b5 28. Qxc7 Ree6 29. a4 Rd5 30. axb5 axb5 31. Qb7 Rf5 32. g4 Rc5
33. Qa7 Rec6 34. Qb7 Kg7 35. g5 h6 36. f4 hxg5 37. fxg5 Re6 38. Qd7 Re4 39. Qd6
Rf5 40. Kg3 Rff4 41. h5 b4 42. h6+ Kh7 43. Qf8 Kg6 44. Qg7+ Kh5 45. h7 Rg4+
1/2-1/2

[Event "Bundesliga 0001"]
[Site "Deutschland"]
[Date "2000.10.14"]
[Round "1.8"]
[White "Straeter, Timo"]
[Black "Kuraszkiewicz, Michael"]
[Result "1/2-1/2"]
[WhiteElo "2370"]
[BlackElo "2309"]
[PlyCount "95"]
[EventDate "2000.10.14"]
[EventType "team"]
[EventRounds "15"]
[EventCountry "GER"]
[SourceTitle "Bundesliga 0001"]
[Source "DeepChess"]
[SourceDate "2005.01.01"]
[SourceVersion "1"]
[SourceVersionDate "2005.01.01"]
[SourceQuality "1"]
[WhiteTeam "SV Wattenscheid 1930"]
[BlackTeam "SK Koenig Plauen"]
[WhiteTeamCountry "GER"]
[BlackTeamCountry "GER"]

1. e4 g6 2. d4 Bg7 3. Nc3 d6 4. g3 Nc6 5. Be3 e5 6. d5 Nce7 7. Nf3 Nf6 8. h3
O-O 9. Qd2 Bd7 10. Ng5 a6 11. f4 exf4 12. gxf4 c6 13. dxc6 Bxc6 14. Bd3 d5 15.
e5 d4 16. exf6 dxc3 17. Qxc3 Nd5 18. fxg7 Nxc3 19. gxf8=Q+ Qxf8 20. bxc3 Bxh1
21. Bc4 Qc8 22. Bxf7+ Kf8 23. Bc5+ Qxc5 24. Ne6+ Kxf7 25. Nxc5 Rc8 26. Nd3 Kf6
27. Kd2 Bd5 28. a3 Rc7 29. Re1 Be6 30. h4 Bf5 31. Ne5 Rc8 32. c4 b5 33. Kc3
bxc4 34. Rb1 Be4 35. Re1 Bf5 36. Nxc4 Bxc2 37. Re5 Bf5 38. Kb4 Rb8+ 39. Ka5 Rb1
40. Ne3 Ra1 41. a4 Be6 42. Re4 Bb3 43. Rb4 Ra3 44. Rb6+ Kg7 45. Rb7+ Kf8 46.
Rb4 Kg7 47. Ng4 Bd1 48. Ne5 1/2-1/2

[Event "Bundesliga 0001"]
[Site "Deutschland"]
[Date "2000.10.14"]
[Round "1.1"]
[White "Khenkin, Igor"]
[Black "Rozentalis, Eduardas"]
[Result "1-0"]
[WhiteElo "2633"]
[BlackElo "2570"]
[PlyCount "99"]
[EventDate "2000.10.14"]
[EventType "team"]
[EventRounds "15"]
[EventCountry "GER"]
[SourceTitle "Bundesliga 0001"]
[Source "DeepChess"]
[SourceDate "2005.01.01"]
[SourceVersion "1"]
[SourceVersionDate "2005.01.01"]
[SourceQuality "1"]
[WhiteTeam "TV Tegernsee"]
[BlackTeam "SV Castrop Rauxel 1923"]
[WhiteTeamCountry "GER"]
[BlackTeamCountry "GER"]

1. d4 Nf6 2. c4 e6 3. Nf3 b6 4. a3 Bb7 5. Nc3 d5 6. cxd5 exd5 7. Bg5 Be7 8.
Qa4+ c6 9. e3 O-O 10. Bd3 Nbd7 11. Rd1 a5 12. O-O b5 13. Qc2 b4 14. axb4 axb4
15. Bxf6 Nxf6 16. Na4 Qa5 17. b3 Bd6 18. Ra1 Ba6 19. Bxa6 Rxa6 20. Rfc1 Ne4 21.
Ra2 Qb5 22. Ne1 Rfa8 23. Nd3 Qb8 24. g3 Qc8 25. Qe2 Qf5 26. Rac2 Ng5 27. h4 Ne4
28. Rxc6 Nc3 29. R1xc3 bxc3 30. Rxc3 Qe4 31. Rc1 R6a7 32. Nc3 Qf5 33. Nb5 Ra6
34. Nxd6 Rxd6 35. Nf4 g6 36. Qc2 Qg4 37. Kg2 h6 38. Qc7 Rd7 39. Qe5 Rad8 40.
Rc6 Kh7 41. Rf6 Rb7 42. Nxd5 Qd7 43. e4 Qe8 44. Qf4 Kg7 45. h5 g5 46. Qf5 Rbd7
47. Rxh6 Kxh6 48. Nf6 Qh8 49. Nxd7 Qxd4 50. Ne5 1-0

[Event "Bundesliga 0001"]
[Site "Deutschland"]
[Date "2000.10.14"]
[Round "1.3"]
[White "Hertneck, Gerald"]
[Black "Seul, Georg"]
[Result "1-0"]
[WhiteElo "2541"]
[BlackElo "2447"]
[PlyCount "89"]
[EventDate "2000.10.14"]
[EventType "team"]
[EventRounds "15"]
[EventCountry "GER"]
[SourceTitle "Bundesliga 0001"]
[Source "DeepChess"]
[SourceDate "2005.01.01"]
[SourceVersion "1"]
[SourceVersionDate "2005.01.01"]
[SourceQuality "1"]
[WhiteTeam "TV Tegernsee"]
[BlackTeam "SV Castrop Rauxel 1923"]
[WhiteTeamCountry "GER"]
[BlackTeamCountry "GER"]

1. d4 Nf6 2. c4 e6 3. Nf3 Bb4+ 4. Bd2 Qe7 5. g3 Nc6 6. Bg2 Bxd2+ 7. Nbxd2 d6 8.
O-O e5 9. d5 Nb8 10. e4 a5 11. Ne1 O-O 12. Nd3 Na6 13. f4 Nd7 14. f5 f6 15. a3
Nac5 16. Nxc5 dxc5 17. a4 Nb6 18. h4 Bd7 19. Kh2 Nc8 20. Ra3 Nd6 21. g4 g5 22.
hxg5 fxg5 23. Rh3 Ra6 24. Qf3 Rf6 25. b3 Nf7 26. Kg3 Rad6 27. Rfh1 Rh6 28. Rh5
Rxh5 29. gxh5 b6 30. Qe3 h6 31. Nf3 Kh7 32. Nh2 Qd8 33. Bh3 Rf6 34. Ng4 Rd6 35.
Rf1 Qe8 36. Kg2 Qd8 37. Qg3 Qh8 38. f6 Qe8 39. Ne3 Bc8 40. Bxc8 Qxc8 41. Ng4
Rd8 42. Nxe5 Nxe5 43. Qxe5 Qg4+ 44. Kf2 Rd7 45. Qe6 1-0

[Event "Bundesliga 0001"]
[Site "Deutschland"]
[Date "2000.10.14"]
[Round "1.4"]
[White "Watson, William N"]
[Black "Beim, Valery"]
[Result "1-0"]
[WhiteElo "2527"]
[BlackElo "2528"]
[PlyCount "69"]
[EventDate "2000.10.14"]
[EventType "team"]
[EventRounds "15"]
[EventCountry "GER"]
[SourceTitle "Bundesliga 0001"]
[Source "DeepChess"]
[SourceDate "2005.01.01"]
[SourceVersion "1"]
[SourceVersionDate "2005.01.01"]
[SourceQuality "1"]
[WhiteTeam "SV Castrop Rauxel 1923"]
[BlackTeam "TV Tegernsee"]
[WhiteTeamCountry "GER"]
[BlackTeamCountry "GER"]

1. e4 d6 2. d4 g6 3. Nc3 Bg7 4. Nf3 Nf6 5. Bg5 O-O 6. Qd2 Bg4 7. Qf4 Bxf3 8.
Qxf3 Nc6 9. O-O-O Nd7 10. Qe3 Qe8 11. h4 f6 12. Qh3 e5 13. dxe5 fxg5 14. Bc4+
Kh8 15. hxg5 h5 16. g4 Ndxe5 17. gxh5 Rf3 18. Qg2 Nxc4 19. Qxf3 Kg8 20. hxg6
Qxg6 21. Qf5 Qf7 22. Qxf7+ Kxf7 23. f4 Bd4 24. Nd5 Bxb2+ 25. Kb1 Re8 26. Rh7+
Kg6 27. Rh6+ Kf7 28. Rh7+ Kg6 29. Rh6+ Kf7 30. f5 Rxe4 31. g6+ Kf8 32. Rdh1 Bg7
33. Rh7 Ne7 34. f6 Nxd5 35. Rh8+ 1-0

[Event "Bundesliga 0001"]
[Site "Deutschland"]
[Date "2000.10.14"]
[Round "1.5"]
[White "Stangl, Markus"]
[Black "Hoffmann, Michael"]
[Result "1-0"]
[WhiteElo "2479"]
[BlackElo "2458"]
[PlyCount "88"]
[EventDate "2000.10.14"]
[EventType "team"]
[EventRounds "15"]
[EventCountry "GER"]
[SourceTitle "Bundesliga 0001"]
[Source "DeepChess"]
[SourceDate "2005.01.01"]
[SourceVersion "1"]
[SourceVersionDate "2005.01.01"]
[SourceQuality "1"]
[WhiteTeam "TV Tegernsee"]
[BlackTeam "SV Castrop Rauxel 1923"]
[WhiteTeamCountry "GER"]
[BlackTeamCountry "GER"]

1. Nf3 Nf6 2. c4 g6 3. g3 Bg7 4. Bg2 d5 5. cxd5 Nxd5 6. O-O Nc6 7. Nc3 Nb6 8.
d3 O-O 9. Bg5 h6 10. Be3 e5 11. a4 Be6 12. a5 Nd5 13. Nxd5 Bxd5 14. Qc1 Nd4 15.
Nxd4 exd4 16. Bxh6 Bxh6 17. Qxh6 Bxg2 18. Kxg2 Qd5+ 19. Kg1 Rae8 20. Rfe1 Re5
21. e4 dxe3 22. Rxe3 Rfe8 23. Rxe5 Rxe5 24. Qf4 Re2 25. Qxc7 Qd4 26. Qc8+ Kh7
27. Rf1 Rxb2 28. Qe8 Kg7 29. Qe4 Qc5 30. Qf4 Rb4 31. Qd2 Qxa5 32. Qc3+ Kh7 33.
Re1 Rb5 34. Qxa5 Rxa5 35. Re7 Kg7 36. Rxb7 Ra3 37. Rd7 Kf6 38. Kg2 Ke6 39. Rd8
a5 40. Kf3 a4 41. Ke3 Ra1 42. Ra8 a3 43. Ke4 Re1+ 44. Kf4 Re2 1-0

[Event "Bundesliga 0001"]
[Site "Deutschland"]
[Date "2000.10.14"]
[Round "1.6"]
[White "Bosch, Jeroen"]
[Black "Teske, Henrik"]
[Result "1/2-1/2"]
[WhiteElo "2405"]
[BlackElo "2463"]
[PlyCount "37"]
[EventDate "2000.10.14"]
[EventType "team"]
[EventRounds "15"]
[EventCountry "GER"]
[SourceTitle "Bundesliga 0001"]
[Source "DeepChess"]
[SourceDate "2005.01.01"]
[SourceVersion "1"]
[SourceVersionDate "2005.01.01"]
[SourceQuality "1"]
[WhiteTeam "SV Castrop Rauxel 1923"]
[BlackTeam "TV Tegernsee"]
[WhiteTeamCountry "GER"]
[BlackTeamCountry "GER"]

1. d4 d5 2. c4 c6 3. Nc3 dxc4 4. e4 b5 5. a4 b4 6. Nce2 a5 7. Nf3 Ba6 8. Ng3
Nd7 9. Be2 e6 10. O-O Be7 11. Be3 h5 12. Nd2 h4 13. Nh5 Rxh5 14. Bxh5 c3 15.
bxc3 bxc3 16. Nb3 Bxf1 17. Qxf1 Ngf6 18. Bf3 Rb8 19. Nc1 1/2-1/2

[Event "Bundesliga 0001"]
[Site "Deutschland"]
[Date "2000.10.14"]
[Round "1.7"]
[White "Gross, David2"]
[Black "Dinstuhl, Volkmar"]
[Result "0-1"]
[WhiteElo "2484"]
[BlackElo "2412"]
[PlyCount "90"]
[EventDate "2000.10.14"]
[EventType "team"]
[EventRounds "15"]
[EventCountry "GER"]
[SourceTitle "Bundesliga 0001"]
[Source "DeepChess"]
[SourceDate "2005.01.01"]
[SourceVersion "1"]
[SourceVersionDate "2005.01.01"]
[SourceQuality "1"]
[WhiteTeam "TV Tegernsee"]
[BlackTeam "SV Castrop Rauxel 1923"]
[WhiteTeamCountry "GER"]
[BlackTeamCountry "GER"]

1. e4 c5 2. Nf3 d6 3. d4 cxd4 4. Nxd4 Nf6 5. Nc3 a6 6. Be3 e5 7. Nb3 Be7 8. f3
Be6 9. Qd2 O-O 10. O-O-O Nbd7 11. g4 b5 12. g5 Nh5 13. Nd5 Bxd5 14. exd5 f5 15.
gxf6 Bxf6 16. Kb1 Qc7 17. Na5 Nf4 18. c4 Nb6 19. Rc1 bxc4 20. Bxc4 Nxc4 21.
Nxc4 Qd7 22. Bxf4 exf4 23. Nb6 Qf5+ 24. Qc2 Qxc2+ 25. Rxc2 Rad8 26. Re1 Bd4 27.
Nc4 Rf5 28. Re4 Bf6 29. Rd2 Rh5 30. Re6 Rh3 31. Nxd6 Rxf3 32. Ne4 Bh4 33. Rxa6
Re3 34. Re6 Re1+ 35. Kc2 f3 36. Ng3 Ra1 37. a3 Bg5 38. Rf2 Rxd5 39. Ne4 Rc1+
40. Kb3 Rd3+ 41. Kb4 Bh4 42. Ng3 Rc8 43. a4 Kf7 44. Re4 Be7+ 45. Ka5 Rb3 0-1

[Event "Bundesliga 0001"]
[Site "Deutschland"]
[Date "2000.10.14"]
[Round "1.8"]
[White "Lemmers, Oscar"]
[Black "Kachiani Gersinska, Ketino"]
[Result "1/2-1/2"]
[WhiteElo "2392"]
[BlackElo "2448"]
[PlyCount "107"]
[EventDate "2000.10.14"]
[EventType "team"]
[EventRounds "15"]
[EventCountry "GER"]
[SourceTitle "Bundesliga 0001"]
[Source "DeepChess"]
[SourceDate "2005.01.01"]
[SourceVersion "1"]
[SourceVersionDate "2005.01.01"]
[SourceQuality "1"]
[WhiteTeam "SV Castrop Rauxel 1923"]
[BlackTeam "TV Tegernsee"]
[WhiteTeamCountry "GER"]
[BlackTeamCountry "GER"]

1. e4 c6 2. d4 d5 3. exd5 cxd5 4. c4 Nf6 5. cxd5 Nxd5 6. Nf3 e6 7. a3 Be7 8.
Nc3 Nc6 9. Bd3 O-O 10. O-O Bf6 11. Be4 Nce7 12. Ne5 Nf5 13. Re1 Nde7 14. Bf4
Ng6 15. Nxg6 hxg6 16. Bxf5 gxf5 17. Be5 Bd7 18. d5 Re8 19. Qd4 Bxe5 20. Rxe5
Qc7 21. Rae1 Qd6 22. Qc4 Rac8 23. Qb3 b6 24. dxe6 Rxe6 25. Rxe6 Bxe6 26. Qd1
Qf4 27. Qd3 a5 28. Qe3 Qxe3 29. fxe3 Bb3 30. Rf1 g6 31. Rf4 b5 32. Rd4 Bc4 33.
Nb1 Ba2 34. Nc3 Bc4 35. h4 b4 36. axb4 axb4 37. Na4 Be6 38. Rxb4 Rc1+ 39. Kh2
Re1 40. Nc5 Rxe3 41. Nxe6 fxe6 42. Rb7 e5 43. b4 Rb3 44. b5 e4 45. b6 f4 46.
Re7 Rxb6 47. Rxe4 Rf6 48. Re1 Kg7 49. Kh3 Rb6 50. Kg4 Rb2 51. Kf3 g5 52. hxg5
Kg6 53. Re5 Ra2 54. Rb5 1/2-1/2

[Event "Bundesliga 0001"]
[Site "Deutschland"]
[Date "2000.10.15"]
[Round "2.1"]
[White "Dautov, Rustem"]
[Black "Schlindwein, Rolf"]
[Result "0-1"]
[WhiteElo "2606"]
[BlackElo "2441"]
[PlyCount "80"]
[EventDate "2000.10.14"]
[EventType "team"]
[EventRounds "15"]
[EventCountry "GER"]
[SourceTitle "Bundesliga 0001"]
[Source "DeepChess"]
[SourceDate "2005.01.01"]
[SourceVersion "1"]
[SourceVersionDate "2005.01.01"]
[SourceQuality "1"]
[WhiteTeam "Godesberger SK 1929"]
[BlackTeam "SF 1982 Baiertal Schatthausen"]
[WhiteTeamCountry "GER"]
[BlackTeamCountry "GER"]

1. d4 Nf6 2. Nf3 d5 3. c4 c6 4. Nc3 dxc4 5. a4 Bf5 6. e3 e6 7. Bxc4 Nbd7 8. a5
b5 9. axb6 axb6 10. Rxa8 Qxa8 11. O-O Bb4 12. Nh4 Bg6 13. Qb3 Be7 14. Nxg6 hxg6
15. e4 b5 16. Be2 b4 17. e5 Qb8 18. Bf4 Nh5 19. Bxh5 bxc3 20. Qxb8+ Nxb8 21.
Bf3 cxb2 22. Rb1 Ba3 23. Bd2 Kd7 24. Bc3 Na6 25. Kf1 Rxh2 26. g3 Rh8 27. Bxb2
Rb8 28. Ra1 Bxb2 29. Rxa6 Bxd4 30. Bxc6+ Ke7 31. f4 g5 32. Ra8 Rxa8 33. Bxa8
gxf4 34. gxf4 Be3 35. f5 exf5 36. Ke2 Bd4 37. Kf3 Bxe5 38. Bb7 g5 39. Bc8 Kf6
40. Bd7 g4+ 0-1